LEADER 01228nam0-2200421-i-450- 001 990009931470403321 005 20150121131229.0 010 $a978-3-319-02367-0 035 $a000993147 035 $aFED01000993147 035 $a(Aleph)000993147FED01 035 $a000993147 100 $a20150121d2014----km-y0itay50------ba 101 0 $aeng 102 $aCH 105 $aa---a---001yy 200 1 $a<> course in point set topology$fJohn B. Conway 210 $aCham$cSpringer International Publishing Swizerland$dc2014 215 $axii, 142 p.$d24 cm 225 1 $aUndergraduate texts in mathematics 610 0 $aSpazi topologici e generalizzazioni 610 0 $aSpazi metrici, metrizzabilità 610 0 $aProprietà di ricoprimento: di Lindeloff, <(m,n)> -compatto, etc. 610 0 $aProprietà di continuità di mappe 676 $a514$v21 676 $a515.13$v21 700 1$aConway,$bJohn B.$041656 801 0$aIT$bUNINA$gREICAT$2UNIMARC 901 $aBK 912 $a990009931470403321 952 $aC-4-(153$b353$fMA1 959 $aMA1 962 $a54A05 962 $a54E35 962 $a54D20 962 $a58C07 996 $aCourse in point set topology$9821721 997 $aUNINA LEADER 01281nam 2200457 450 001 9910467647203321 005 20200520144314.0 010 $a1-62320-109-8 035 $a(CKB)4100000007585551 035 $a(MiAaPQ)EBC5739477 035 $a(Au-PeEL)EBL5739477 035 $a(OCoLC)1091015254 035 $a(EXLCZ)994100000007585551 100 $a20190403d2017 uy 0 101 0 $aeng 135 $aurcnu|||||||| 181 $ctxt$2rdacontent 182 $cc$2rdamedia 183 $acr$2rdacarrier 200 10$aReforming China's capital market $ethe future development path /$fXiaoqiu Wu 205 $aEnglish edition. 210 1$aHonolulu :$cEnrich Professional Publishing,$d[2017] 210 4$d©2017 215 $a1 online resource (474 pages) 311 $a1-62320-108-X 606 $aCapital market$zChina 606 $aFinance$zChina 606 $aSecurities$zChina 608 $aElectronic books. 615 0$aCapital market 615 0$aFinance 615 0$aSecurities 676 $a332.04150951 700 $aWu$b Xiaoqiu$f1959-$0874813 801 0$bMiAaPQ 801 1$bMiAaPQ 801 2$bMiAaPQ 906 $aBOOK 912 $a9910467647203321 996 $aReforming China's capital market$91953069 997 $aUNINA